| 000 | 01034nas a2200313 4500 | ||
|---|---|---|---|
| 001 | BR8903340 | ||
| 003 | BR-BrBNA | ||
| 005 | 20231205091625.0 | ||
| 007 | ta | ||
| 008 | 230509b bl.|||p| |||| 00| 00por d | ||
| 040 |
_aBR-BrBNA _bpor _cBiblioteca Nacional de Agricultura |
||
| 041 | _a(Pt) | ||
| 072 | _aF04; F61 | ||
| 100 | 1 | _aNovaes, N.J. | |
| 100 | 1 | _aVitti, G.C. | |
| 100 | 1 | _aManzano, A. | |
| 100 | 1 | _aEsteves, S.N. | |
| 100 | 1 | _aGirotto, C.R. | |
| 111 | 1 |
_a17. Reuniao Brasileira de Fertilidade do Solo _cLondrina, PR (Brazil) _d27 Jul-1 Aug 1986 |
|
| 245 | 1 | _aEfeito da fosfatagem, calagem e gessagem na cultura do guandu. 1: producao de materia seca, proteina e teores de proteina e fibra | |
| 650 | _aGUANDU | ||
| 650 | _aFERTILIZANTE FOSFATADO | ||
| 650 | _aCALAGEM | ||
| 650 | _aGESSO | ||
| 650 | _aMATERIA SECA | ||
| 773 | 0 |
_tPesquisa Agropecuaria Brasileira (Brazil) _xISSN 0100-204X _g(Sep 1988), v. 23(9) p. 1049-1050 _wBR8903340 |
|
| 909 |
_a202311 _bLúcia _c55 _dLúcia Elande |
||
| 942 |
_2AGRIS _n0 _cANA |
||
| 999 |
_c126253 _d126253 |
||